| 000 | 00497nam a2200121Ia 4500 | ||
|---|---|---|---|
| 008 | 220615s9999||||xx |||||||||||||| ||und|| | ||
| 100 | _aNelly Bekus | ||
| 245 | 0 | _aStruggle over Identity | |
| 546 | _aEnglish[eng] | ||
| 650 | _aliberalism||authoritarianism||post-communism||socialism||Belarus||bolshevism||democracy||identity||political ideologies||nationalism||capitalism||Belarusian regime||linguistic russification||Soviet Union | ||
| 856 | _uhttp://books.openedition.org/ceup/581 | ||
| 942 | _cEB | ||
| 999 |
_c15013 _d15013 |
||